Code in C (Record no. 168023)

MARC details
000 -LEADER
fixed length control field 00316nam a2200145Ia 4500
008 - FIXED-LENGTH DATA ELEMENTS--GENERAL INFORMATION
fixed length control field 231217s9999 xx 000 0 und d
041 ## - LANGUAGE CODE
Language code of text/sound track or separate title English
082 ## - DEWEY DECIMAL CLASSIFICATION NUMBER
Classification number 001.6424C ASS;1 `R'
100 ## - MAIN ENTRY--PERSONAL NAME
Personal name Asset
245 #0 - TITLE STATEMENT
Title Code in C
260 ## - PUBLICATION, DISTRIBUTION, ETC.
Date of publication, distribution, etc. 1994
Name of publisher, distributor, etc. Aptech Ltd.
300 ## - PHYSICAL DESCRIPTION
Extent 310+AI-vi
650 ## - SUBJECT ADDED ENTRY--TOPICAL TERM
Topical term or geographic name entry element C
942 ## - ADDED ENTRY ELEMENTS (KOHA)
Koha item type Books
Holdings
Date last seen Total checkouts Full call number Accession number Price effective from Category Lost status Damaged status Department Withdrawn status Home library Current library Shelving location Entry date Grants Billdate Currency symbol Conversion rate Discount Old discount
26/01/2024   001.6424C ASS;1 `R' 17936 26/01/2024 Books     Central Library   Central Library Central Library Library Annex 01/08/2001 DONATED 10/02/2004 RS 1   15

© For any Suggestions or Query, please contact the library staff @ librarian@pes.edu or Phone: +9180 2672 1983/ 2108.